[Event "78. Campeonato Brasileiro 2011 - Final"]
[Site "Campinas BRA"]
[Date "2011.12.13"]
[Round "4.3"]
[White "El Debs, Felipe"]
[Black "Santiago, Yago"]
[Result "1-0"]
[WhiteElo "2477"]
[BlackElo "2335"]
[PlyCount "65"]
[EventDate "2011.12.10"]
[EventType "tourn"]
[EventRounds "11"]
[EventCountry "BRA"]
[EventCategory "10"]
[Source "lmi"]
[SourceDate "2011.12.10"]

1. Nf3 d5 2. d4 Nf6 3. c4 e6 4. g3 Bb4+ 5. Bd2 a5 6. Bg2 c5 7. cxd5 exd5 8. O-O
O-O 9. Bg5 cxd4 10. Nxd4 Nc6 11. Nc3 h6 12. Bxf6 Qxf6 13. e3 Be6 14. Rc1 Rfd8
15. Ncb5 Rac8 16. Qa4 Nxd4 17. Nxd4 b6 18. Rc6 Bc5 19. Rxc8 Rxc8 20. Rc1 Bxd4
21. Rxc8+ Bxc8 22. Qe8+ Kh7 23. Qxc8 Bxb2 24. Bxd5 Bc3 25. Qe8 Be1 26. f4 Qb2
27. Be4+ g6 28. Qxf7+ Kh8 29. Qe8+ Kg7 30. Qxg6+ Kf8 31. Qxh6+ Ke7 32. Qg5+ Kd6
33. Qd8+ 1-0

[Event "78. Campeonato Brasileiro 2011 - Final"]
[Site "Campinas BRA"]
[Date "2011.12.13"]
[Round "4.4"]
[White "Vescovi, Giovanni"]
[Black "Fier, Alexandr"]
[Result "1/2-1/2"]
[WhiteElo "2637"]
[BlackElo "2573"]
[PlyCount "108"]
[EventDate "2011.12.10"]
[EventType "tourn"]
[EventRounds "11"]
[EventCountry "BRA"]
[EventCategory "10"]
[Source "lmi"]
[SourceDate "2011.12.10"]

1. d4 Nf6 2. Nf3 g6 3. c4 Bg7 4. Nc3 d5 5. cxd5 Nxd5 6. e4 Nxc3 7. bxc3 c5 8.
Be3 Qa5 9. Qd2 O-O 10. Rc1 Rd8 11. d5 e6 12. Bg5 f6 13. Be3 Nc6 14. Be2 exd5
15. exd5 Ne7 16. c4 Qxd2+ 17. Nxd2 b6 18. g4 f5 19. h3 Rf8 20. f4 Ba6 21. Nf3
Rae8 22. Kf2 h6 23. g5 Nc8 24. gxh6 Bxh6 25. Ne5 Kh7 26. Rhg1 Rg8 27. a4 Nd6
28. Bd3 Bf8 29. a5 Be7 30. axb6 axb6 31. Ra1 Ra8 32. Rgb1 Bd8 33. Kf3 Bc7 34.
h4 Bb7 35. Nd7 Rxa1 36. Rxa1 Ra8 37. Rxa8 Bxa8 38. Ne5 b5 39. cxb5 Bxd5+ 40.
Kf2 c4 41. Be2 Nxb5 42. Bxc4 Bxc4 43. Nxc4 Bd8 44. Kg3 Kh6 45. Ne5 Kh5 46. Nf3
Nc3 47. Kh3 Ne2 48. Ng1 Nc3 49. Bd2 Ne4 50. Be1 Bb6 51. Ne2 Bf2 52. Bxf2 Nxf2+
53. Kg3 Ne4+ 54. Kh3 Nf2+ 1/2-1/2

[Event "78. Campeonato Brasileiro 2011 - Final"]
[Site "Campinas BRA"]
[Date "2011.12.13"]
[Round "4.5"]
[White "Dos Santos, Haroldo Cunha"]
[Black "Leitao, Rafael"]
[Result "0-1"]
[WhiteElo "2250"]
[BlackElo "2626"]
[PlyCount "92"]
[EventDate "2011.12.10"]
[EventType "tourn"]
[EventRounds "11"]
[EventCountry "BRA"]
[EventCategory "10"]
[Source "lmi"]
[SourceDate "2011.12.10"]

1. d4 g6 2. Nf3 Bg7 3. e4 d6 4. h3 Nf6 5. Nc3 O-O 6. Be3 a6 7. a4 b6 8. Bd3 Bb7
9. Qe2 Nbd7 10. Rd1 e5 11. dxe5 dxe5 12. Bc4 Qe7 13. Nd5 Nxd5 14. Bxd5 Bxd5 15.
Rxd5 Nf6 16. Rxe5 Qb4+ 17. c3 Qxa4 18. O-O Nxe4 19. Re7 c5 20. Bd4 Nf6 21. Be5
Rfe8 22. Rxe8+ Rxe8 23. Qd3 a5 24. Qa6 Qc6 25. Rd1 Ne4 26. Bxg7 Kxg7 27. Qa7
Nd6 28. Qa6 h6 29. Qd3 Re6 30. c4 Qe4 31. Qc3+ Kg8 32. b3 a4 33. bxa4 Qxc4 34.
Qd2 Qxa4 35. Rb1 Kh7 36. Nh2 Ne4 37. Qc1 Qd4 38. Ng4 Qd2 39. Qf1 h5 40. Nh2 Nc3
41. Nf3 Qd5 42. Ra1 b5 43. h4 Kg7 44. Kh1 b4 45. Rc1 Rd6 46. Qg1 Ne2 0-1

[Event "78. Campeonato Brasileiro 2011 - Final"]
[Site "Campinas BRA"]
[Date "2011.12.13"]
[Round "4.6"]
[White "Matsuura, Everaldo"]
[Black "Barbosa, Evandro"]
[Result "1/2-1/2"]
[WhiteElo "2487"]
[BlackElo "2412"]
[PlyCount "37"]
[EventDate "2011.12.10"]
[EventType "tourn"]
[EventRounds "11"]
[EventCountry "BRA"]
[EventCategory "10"]
[Source "lmi"]
[SourceDate "2011.12.10"]

1. Nf3 c5 2. b3 d5 3. e3 a6 4. Bb2 Nf6 5. Be2 Nc6 6. d4 Bg4 7. Nbd2 e6 8. O-O
Bd6 9. dxc5 Bxc5 10. c4 O-O 11. Rc1 Ba7 12. Ne5 Bxe2 13. Qxe2 Nxe5 14. Bxe5 d4
15. exd4 Bxd4 16. Nf3 Bxe5 17. Qxe5 Qe7 18. Rfd1 Rfd8 19. h3 1/2-1/2

[Event "78. Campeonato Brasileiro 2011 - Final"]
[Site "Campinas BRA"]
[Date "2011.12.14"]
[Round "5.2"]
[White "Leitao, Rafael"]
[Black "Matsuura, Everaldo"]
[Result "1/2-1/2"]
[WhiteElo "2626"]
[BlackElo "2487"]
[PlyCount "71"]
[EventDate "2011.12.10"]
[EventType "tourn"]
[EventRounds "11"]
[EventCountry "BRA"]
[EventCategory "10"]
[Source "lmi"]
[SourceDate "2011.12.10"]

1. d4 d5 2. c4 c6 3. Nf3 Nf6 4. e3 e6 5. b3 c5 6. Bd3 cxd4 7. exd4 Bb4+ 8. Bd2
Bxd2+ 9. Nbxd2 dxc4 10. bxc4 Nc6 11. Nb3 O-O 12. O-O b6 13. Rc1 Bb7 14. Qe2 Qd6
15. Rfd1 Rad8 16. h3 Ne7 17. Ne5 Ng6 18. Qe3 Nxe5 19. dxe5 Qc6 20. f3 Nd7 21.
Be4 Qc7 22. Bxb7 Qxb7 23. Rd4 Nb8 24. Rg4 Nc6 25. Qh6 g6 26. Re1 Qc7 27. Rh4 f5
28. exf6 Rxf6 29. Qe3 Qd7 30. Re4 e5 31. h4 Qd3 32. Qf2 Rdf8 33. Qe2 Rd8 34.
Qf2 Rdf8 35. Qe2 Rd8 36. Qf2 1/2-1/2

[Event "78. Campeonato Brasileiro 2011 - Final"]
[Site "Campinas BRA"]
[Date "2011.12.14"]
[Round "5.3"]
[White "Fier, Alexandr"]
[Black "Dos Santos, Haroldo Cunha"]
[Result "1-0"]
[WhiteElo "2573"]
[BlackElo "2250"]
[PlyCount "57"]
[EventDate "2011.12.10"]
[EventType "tourn"]
[EventRounds "11"]
[EventCountry "BRA"]
[EventCategory "10"]
[Source "lmi"]
[SourceDate "2011.12.10"]

1. d4 d5 2. c4 c6 3. Nf3 Nf6 4. Nc3 e6 5. Bg5 Be7 6. e3 Nbd7 7. Bd3 O-O 8. O-O
b6 9. cxd5 exd5 10. Qc2 h6 11. Bh4 Bb7 12. Rfe1 Re8 13. Bg3 Nh5 14. Be5 Bf8 15.
Rad1 b5 16. e4 b4 17. Na4 Nxe5 18. dxe5 Nf4 19. Bf1 Qa5 20. b3 Rac8 21. h4 c5
22. exd5 Bxd5 23. Rxd5 Nxd5 24. Qe4 Nc7 25. Bd3 g6 26. h5 Re6 27. Bc4 Rce8 28.
hxg6 Rxg6 29. Qxg6+ 1-0

[Event "78. Campeonato Brasileiro 2011 - Final"]
[Site "Campinas BRA"]
[Date "2011.12.15"]
[Round "6.3"]
[White "Vescovi, Giovanni"]
[Black "Reis, Paulo Jatoba"]
[Result "0-1"]
[WhiteElo "2637"]
[BlackElo "2438"]
[PlyCount "88"]
[EventDate "2011.12.10"]
[EventType "tourn"]
[EventRounds "11"]
[EventCountry "BRA"]
[EventCategory "10"]
[Source "lmi"]
[SourceDate "2011.12.10"]

1. d4 e6 2. Nf3 Nf6 3. Bg5 h6 4. Bh4 d6 5. e3 Nbd7 6. c4 g5 7. Bg3 Nh5 8. Nc3
Bg7 9. Be2 O-O 10. Qc2 a6 11. Nd2 Nxg3 12. hxg3 c5 13. d5 exd5 14. Nxd5 Nf6 15.
Bf3 Nxd5 16. Bxd5 Be6 17. Bxe6 fxe6 18. O-O Qe7 19. Rad1 b5 20. Ne4 Rfd8 21. b3
Rac8 22. g4 Be5 23. Qe2 d5 24. Nd2 Rb8 25. Nf3 Bg7 26. Qc2 bxc4 27. bxc4 Rb2
28. Qd3 Rb4 29. cxd5 exd5 30. Qxa6 Rxg4 31. Nd2 Kh8 32. Rb1 Qd7 33. Rfd1 Ra4
34. Qb6 c4 35. Ne4 Rf8 36. Rd2 Qf5 37. Nd6 Qf6 38. Qc6 c3 39. Rc2 Ra5 40. Rb7
d4 41. Qc7 d3 42. Ne4 Qe5 43. Rxc3 d2 44. Rd3 Qa1+ 0-1

[Event "78. Campeonato Brasileiro 2011 - Final"]
[Site "Campinas BRA"]
[Date "2011.12.15"]
[Round "6.4"]
[White "Dos Santos, Haroldo Cunha"]
[Black "Santiago, Yago"]
[Result "0-1"]
[WhiteElo "2250"]
[BlackElo "2335"]
[PlyCount "58"]
[EventDate "2011.12.10"]
[EventType "tourn"]
[EventRounds "11"]
[EventCountry "BRA"]
[EventCategory "10"]
[Source "lmi"]
[SourceDate "2011.12.10"]

1. d4 d5 2. Nf3 Nc6 3. Bf4 Bg4 4. e3 f6 5. Be2 e5 6. dxe5 Bxf3 7. Bxf3 fxe5 8.
Bxd5 exf4 9. Qh5+ g6 10. Bxc6+ bxc6 11. Qe5+ Qe7 12. Qxh8 Nf6 13. Nc3 O-O-O 14.
Rd1 Re8 15. O-O Bh6 16. Qxe8+ Qxe8 17. exf4 Bxf4 18. Rfe1 Qf7 19. Ne4 Nxe4 20.
Rxe4 Bd6 21. c4 Qf5 22. Rde1 Bc5 23. Re8+ Kb7 24. R8e2 a5 25. b3 h5 26. h3 g5
27. Rd1 g4 28. hxg4 hxg4 29. Rdd2 g3 0-1

[Event "78. Campeonato Brasileiro 2011 - Final"]
[Site "Campinas BRA"]
[Date "2011.12.15"]
[Round "6.5"]
[White "Matsuura, Everaldo"]
[Black "Fier, Alexandr"]
[Result "1/2-1/2"]
[WhiteElo "2487"]
[BlackElo "2573"]
[PlyCount "37"]
[EventDate "2011.12.10"]
[EventType "tourn"]
[EventRounds "11"]
[EventCountry "BRA"]
[EventCategory "10"]
[Source "lmi"]
[SourceDate "2011.12.10"]

1. e4 c5 2. Nf3 d6 3. d4 cxd4 4. Nxd4 Nf6 5. Nc3 e6 6. Be3 Nc6 7. Be2 Be7 8.
O-O O-O 9. f4 a6 10. a4 Bd7 11. Bf3 Rc8 12. Nde2 h5 13. h3 h4 14. Kh1 e5 15.
Nd5 exf4 16. Bb6 Qe8 17. Nc7 Qd8 18. Nd5 Qe8 19. Nc7 1/2-1/2

[Event "78. Campeonato Brasileiro 2011 - Final"]
[Site "Campinas BRA"]
[Date "2011.12.15"]
[Round "6.6"]
[White "Barbosa, Evandro"]
[Black "Leitao, Rafael"]
[Result "0-1"]
[WhiteElo "2412"]
[BlackElo "2626"]
[PlyCount "86"]
[EventDate "2011.12.10"]
[EventType "tourn"]
[EventRounds "11"]
[EventCountry "BRA"]
[EventCategory "10"]
[Source "lmi"]
[SourceDate "2011.12.10"]

1. e4 c5 2. Nf3 d6 3. d4 cxd4 4. Nxd4 Nf6 5. Nc3 a6 6. Be3 e5 7. Nb3 Be6 8. Be2
Be7 9. O-O O-O 10. Qd2 b5 11. a4 b4 12. Nd5 Nxe4 13. Nxe7+ Qxe7 14. Qxb4 f5 15.
Na5 Rc8 16. Rfd1 Nc6 17. Nxc6 Rxc6 18. f3 Nf6 19. c4 a5 20. Qa3 f4 21. Bf2 Bxc4
22. Bxc4+ Rxc4 23. Rxd6 Rac8 24. Re1 e4 25. fxe4 Nxe4 26. Rd3 Qxa3 27. Rxa3
Nxf2 28. Kxf2 Rc2+ 29. Re2 Rxe2+ 30. Kxe2 Rc2+ 31. Kf3 Rxb2 32. Kxf4 Rxg2 33.
h3 Rb2 34. Kf5 g6+ 35. Kf6 Rb6+ 36. Kg5 Kg7 37. Rc3 h6+ 38. Kf4 Rb4+ 39. Ke5 g5
40. Ra3 Kg6 41. Ke6 Kh5 42. Kf5 Rf4+ 43. Ke5 Kh4 0-1

[Event "78. Campeonato Brasileiro 2011 - Final"]
[Site "Campinas BRA"]
[Date "2011.12.16"]
[Round "7.2"]
[White "Fier, Alexandr"]
[Black "Barbosa, Evandro"]
[Result "1-0"]
[WhiteElo "2573"]
[BlackElo "2412"]
[PlyCount "61"]
[EventDate "2011.12.10"]
[EventType "tourn"]
[EventRounds "11"]
[EventCountry "BRA"]
[EventCategory "10"]
[Source "lmi"]
[SourceDate "2011.12.10"]

1. c4 c5 2. Nf3 Nc6 3. d4 cxd4 4. Nxd4 Nf6 5. g3 Qb6 6. Nc2 e6 7. Bg2 d5 8.
cxd5 exd5 9. O-O Be6 10. Nc3 Rd8 11. Na4 Qa6 12. Nd4 b5 13. Nxe6 fxe6 14. Nc3
Bc5 15. Qd3 Rb8 16. Bf4 Nb4 17. Qd2 Rc8 18. a3 Nc6 19. Qd3 O-O 20. Qxb5 Qxb5
21. Nxb5 Nd4 22. Nc3 Nb3 23. Rad1 Nh5 24. Nxd5 exd5 25. Bxd5+ Kh8 26. Bxb3 Nxf4
27. gxf4 Rxf4 28. Bd5 Rcf8 29. e3 Rg4+ 30. Bg2 h5 31. Rd5 1-0

[Event "78. Campeonato Brasileiro 2011 - Final"]
[Site "Campinas BRA"]
[Date "2011.12.16"]
[Round "7.3"]
[White "Santiago, Yago"]
[Black "Matsuura, Everaldo"]
[Result "0-1"]
[WhiteElo "2335"]
[BlackElo "2487"]
[PlyCount "76"]
[EventDate "2011.12.10"]
[EventType "tourn"]
[EventRounds "11"]
[EventCountry "BRA"]
[EventCategory "10"]
[Source "lmi"]
[SourceDate "2011.12.10"]

1. e4 e5 2. Nf3 Nc6 3. d4 exd4 4. Nxd4 Bc5 5. Nb3 Bb6 6. Nc3 Nf6 7. Bg5 h6 8.
Bh4 d6 9. Bd3 Be6 10. Bg3 Qe7 11. O-O O-O-O 12. Re1 Ne5 13. Na4 g5 14. Nxb6+
cxb6 15. Nd4 h5 16. Nf5 Bxf5 17. exf5 h4 18. Bxe5 dxe5 19. Qe2 Rd5 20. Bc4 Rd4
21. Bd3 h3 22. g3 e4 23. c3 Rd5 24. Bc4 Rxf5 25. b4 Qc7 26. Bb3 Re8 27. a4 Re7
28. c4 Qc6 29. b5 Qc5 30. a5 bxa5 31. Bc2 b6 32. Rad1 g4 33. Rd2 Rf3 34. Qd1 e3
35. Rd8+ Kc7 36. fxe3 Rfxe3 37. Rxe3 Rxe3 38. Kh1 Qe7 0-1

[Event "78. Campeonato Brasileiro 2011 - Final"]
[Site "Campinas BRA"]
[Date "2011.12.16"]
[Round "7.4"]
[White "Reis, Paulo Jatoba"]
[Black "Dos Santos, Haroldo Cunha"]
[Result "1-0"]
[WhiteElo "2438"]
[BlackElo "2250"]
[PlyCount "53"]
[EventDate "2011.12.10"]
[EventType "tourn"]
[EventRounds "11"]
[EventCountry "BRA"]
[EventCategory "10"]
[Source "lmi"]
[SourceDate "2011.12.10"]

1. c4 c5 2. g3 Nf6 3. Bg2 d5 4. cxd5 Nxd5 5. Nc3 Nc7 6. Nf3 Nc6 7. O-O e5 8. a3
f6 9. e3 Be7 10. d4 cxd4 11. exd4 exd4 12. Ne2 Ne6 13. Re1 a5 14. Nf4 Nxf4 15.
Bxf4 O-O 16. Qa4 g5 17. Bd2 Rb8 18. b4 axb4 19. axb4 g4 20. b5 gxf3 21. bxc6
bxc6 22. Bxf3 c5 23. Qc4+ Kh8 24. Ra7 Bd6 25. Bh6 Bd7 26. Bxf8 Bxf8 27. Qf7 1-0

[Event "78. Campeonato Brasileiro 2011 - Final"]
[Site "Campinas BRA"]
[Date "2011.12.16"]
[Round "7.5"]
[White "Mecking, Henrique"]
[Black "Vescovi, Giovanni"]
[Result "0-1"]
[WhiteElo "2590"]
[BlackElo "2637"]
[PlyCount "134"]
[EventDate "2011.12.10"]
[EventType "tourn"]
[EventRounds "11"]
[EventCountry "BRA"]
[EventCategory "10"]
[Source "lmi"]
[SourceDate "2011.12.10"]

1. d4 d6 2. e4 Nf6 3. f3 c6 4. c4 e5 5. Ne2 Nbd7 6. Nbc3 Be7 7. Be3 O-O 8. Qd2
d5 9. Ng3 dxe4 10. Ncxe4 Nxe4 11. Nxe4 Nf6 12. Ng3 exd4 13. Bxd4 Bb4 14. Qxb4
Qxd4 15. Rd1 Qe5+ 16. Kd2 Rd8+ 17. Bd3 Qf4+ 18. Kc2 Nd5 19. Qd2 Ne3+ 20. Kb1
Be6 21. Rhe1 Rxd3 22. Qxd3 Nxd1 23. Rxd1 h6 24. b3 Qh4 25. Nf1 a5 26. Qd4 Qh5
27. g4 Qh4 28. Ng3 Qxh2 29. Nh5 f6 30. Qd6 Qxd6 31. Rxd6 Re8 32. Ng3 Kf7 33.
Kc2 Ke7 34. Rd2 b5 35. cxb5 cxb5 36. Kb2 Rd8 37. Rxd8 Kxd8 38. Ne2 Bd5 39. Nd4
g6 40. Kc3 b4+ 41. Kd3 Ke7 42. Ke3 Kd6 43. Ne2 Be6 44. Nf4 f5 45. Nxg6 fxg4 46.
fxg4 Bxg4 47. Kd4 h5 48. Kc4 Be2+ 49. Kd4 Kc6 50. Nh4 Bg4 51. Kc4 Be6+ 52. Kd4
Kb5 53. Ke5 Bg4 54. Ng2 Bf3 55. Ne3 Be2 56. Ke4 Kc5 57. Nf5 Bg4 58. Ne3 Be6 59.
Ke5 Bg8 60. Nf1 Bh7 61. Nd2 Bd3 62. Kf4 Kd4 63. Nf3+ Kc3 64. Ne5 Bb1 65. Nc6
Bxa2 66. Nxa5 Bxb3 67. Nc6 Bd1 0-1

[Event "78. Campeonato Brasileiro 2011 - Final"]
[Site "Campinas BRA"]
[Date "2011.12.16"]
[Round "7.6"]
[White "Di Berardino, Diego"]
[Black "El Debs, Felipe"]
[Result "0-1"]
[WhiteElo "2491"]
[BlackElo "2477"]
[PlyCount "114"]
[EventDate "2011.12.10"]
[EventType "tourn"]
[EventRounds "11"]
[EventCountry "BRA"]
[EventCategory "10"]
[Source "lmi"]
[SourceDate "2011.12.10"]

1. d4 d5 2. c4 c6 3. Nc3 Nf6 4. Nf3 dxc4 5. a4 e6 6. e3 c5 7. Bxc4 Nc6 8. O-O
Be7 9. Qe2 cxd4 10. Rd1 O-O 11. exd4 Nb4 12. Ne5 Nfd5 13. Qf3 Bf6 14. Bb3 Bd7
15. Qg3 Bc6 16. Ne4 Bh4 17. Qh3 Be7 18. a5 Rc8 19. Bd2 Nf4 20. Qf3 Ng6 21. Bxb4
Bxb4 22. Nxc6 bxc6 23. Bc4 Bxa5 24. Qh5 Bb6 25. Ng5 h6 26. Nxe6 fxe6 27. Qxg6
Rf6 28. Qe4 Qd6 29. b3 Rd8 30. Ra4 Kf8 31. Be2 Qf4 32. Qe3 Qxe3 33. fxe3 e5 34.
Rc4 exd4 35. exd4 Rfd6 36. Kf1 Bxd4 37. b4 Be5 38. Rxd6 Bxd6 39. Rxc6 Bxb4 40.
Rc7 a5 41. Bc4 Rd1+ 42. Ke2 Rd2+ 43. Kf3 Rc2 44. Rc6 Ke7 45. Bb5 Rb2 46. Ra6
Be1 47. Bc6 Kd6 48. Ke3 Bf2+ 49. Kd3 Bb6 50. Bf3 Kc5 51. Kc3 Rf2 52. Kb3 Kb5
53. Ra8 Bc7 54. h3 Be5 55. Ra7 Rb2+ 56. Ka3 Rd2 57. Rb7+ Kc4 0-1

[Event "78. Campeonato Brasileiro 2011 - Final"]
[Site "Campinas BRA"]
[Date "2011.12.17"]
[Round "8.3"]
[White "Dos Santos, Haroldo Cunha"]
[Black "Mecking, Henrique"]
[Result "1/2-1/2"]
[WhiteElo "2250"]
[BlackElo "2590"]
[PlyCount "56"]
[EventDate "2011.12.10"]
[EventType "tourn"]
[EventRounds "11"]
[EventCountry "BRA"]
[EventCategory "10"]
[Source "lmi"]
[SourceDate "2011.12.10"]

1. d4 Nf6 2. Nf3 g6 3. Bf4 d6 4. e3 Nh5 5. Bg5 h6 6. Bh4 g5 7. Nfd2 Ng7 8. Bg3
Nf5 9. Bd3 Nxg3 10. hxg3 Bg7 11. c3 Nc6 12. g4 e6 13. Nf1 Qe7 14. Ng3 Bd7 15.
Nh5 Bf8 16. Qf3 O-O-O 17. Nd2 d5 18. Nf6 Bg7 19. Nxd7 Rxd7 20. O-O-O Nb8 21.
Kb1 c6 22. e4 Rc7 23. Rhe1 Rd8 24. Nb3 dxe4 25. Bxe4 Nd7 26. g3 Kb8 27. Bc2 Qf6
28. Qe2 Rcc8 1/2-1/2

[Event "78. Campeonato Brasileiro 2011 - Final"]
[Site "Campinas BRA"]
[Date "2011.12.17"]
[Round "8.4"]
[White "Matsuura, Everaldo"]
[Black "Reis, Paulo Jatoba"]
[Result "1/2-1/2"]
[WhiteElo "2487"]
[BlackElo "2438"]
[PlyCount "176"]
[EventDate "2011.12.10"]
[EventType "tourn"]
[EventRounds "11"]
[EventCountry "BRA"]
[EventCategory "10"]
[Source "lmi"]
[SourceDate "2011.12.10"]

1. e4 e6 2. d4 d5 3. Nd2 Nf6 4. e5 Nfd7 5. f4 c5 6. c3 Nc6 7. Ndf3 cxd4 8. cxd4
a5 9. Ne2 a4 10. Nc3 Nb6 11. Bd3 Bd7 12. O-O Be7 13. Rb1 g6 14. Kh1 h5 15. Be3
Nb4 16. Be2 Nc4 17. Bxc4 dxc4 18. d5 Qa5 19. d6 Bd8 20. Nd4 Nc6 21. Qe2 Nxd4
22. Bxd4 Rc8 23. f5 gxf5 24. Rxf5 exf5 25. e6 Bxe6 26. Bxh8 Kd7 27. Qxh5 Rc6
28. Qf3 b5 29. a3 Qb6 30. Be5 Qc5 31. Qe2 Rb6 32. Rd1 Qc6 33. Na2 Qe4 34. Re1
Qxe2 35. Rxe2 Bg5 36. Nc3 f6 37. Bd4 Rxd6 38. Nxb5 Rd5 39. Rxe6 Kxe6 40. Nc7+
Kd6 41. Nxd5 Kxd5 42. Bc3 Ke4 43. g3 Kf3 44. h4 Bh6 45. Kh2 f4 46. gxf4 Bxf4+
47. Kh3 Be5 48. h5 Bf4 49. Bxf6 Bh6 50. Bc3 Bf8 51. Bf6 Bh6 52. Kh4 Kf4 53. Bc3
Kf5 54. Kg3 Bc1 55. Bg7 Kg5 56. h6 Kg6 57. Kf3 c3 58. bxc3 Bxa3 59. c4 Be7 60.
Ke4 a3 61. Kd3 Bc5 62. Kc2 Be7 63. Kb3 Bc5 64. Be5 Kxh6 65. Bf4+ Kg6 66. Bc1 a2
67. Kxa2 Kf5 68. Ba3 Ba7 69. Kb3 Ke4 70. Ka4 Kd4 71. Kb5 Bb6 72. Bd6 Ba7 73.
Bc7 Kd3 74. Be5 Bb6 75. Bb8 Kd4 76. Bg3 Kd3 77. Be1 Ba7 78. Bb4 Kd4 79. Ba3 Bb6
80. Bb2+ Kd3 81. Bf6 Ba7 82. Bh4 Bb6 83. Be7 Kd4 84. Bh4 Kd3 85. Bg3 Ba7 86.
Bc7 Kd4 87. Bd6 Bb6 88. Kxb6 Kxc4 1/2-1/2

[Event "78. Campeonato Brasileiro 2011 - Final"]
[Site "Campinas BRA"]
[Date "2011.12.17"]
[Round "8.5"]
[White "Barbosa, Evandro"]
[Black "Santiago, Yago"]
[Result "1/2-1/2"]
[WhiteElo "2412"]
[BlackElo "2335"]
[PlyCount "52"]
[EventDate "2011.12.10"]
[EventType "tourn"]
[EventRounds "11"]
[EventCountry "BRA"]
[EventCategory "10"]
[Source "lmi"]
[SourceDate "2011.12.10"]

1. e4 c5 2. Nf3 d6 3. d4 cxd4 4. Nxd4 Nf6 5. Nc3 a6 6. Be3 e6 7. g4 h6 8. f4 e5
9. Nf5 Nc6 10. Qf3 g6 11. O-O-O gxf5 12. exf5 e4 13. Nxe4 Nxe4 14. Qxe4+ Qe7
15. Qd3 Bg7 16. Bd2 O-O 17. g5 hxg5 18. fxg5 Qe5 19. f6 Bf5 20. Qg3 Rfc8 21.
Bc3 Nb4 22. Bxe5 Rxc2+ 23. Kb1 Re2+ 24. Ka1 Nc2+ 25. Kb1 Na3+ 26. Ka1 Nc2+
1/2-1/2

[Event "78. Campeonato Brasileiro 2011 - Final"]
[Site "Campinas BRA"]
[Date "2011.12.17"]
[Round "8.6"]
[White "Leitao, Rafael"]
[Black "Fier, Alexandr"]
[Result "1/2-1/2"]
[WhiteElo "2626"]
[BlackElo "2573"]
[PlyCount "51"]
[EventDate "2011.12.10"]
[EventType "tourn"]
[EventRounds "11"]
[EventCountry "BRA"]
[EventCategory "10"]
[Source "lmi"]
[SourceDate "2011.12.10"]

1. d4 Nf6 2. c4 g6 3. Nc3 d5 4. Bf4 Bg7 5. e3 c5 6. dxc5 Qa5 7. Rc1 Ne4 8. cxd5
Nxc3 9. Qd2 Qxa2 10. Rxc3 O-O 11. Bc4 Bxc3 12. Qxc3 Qa1+ 13. Ke2 f6 14. h4 Na6
15. d6+ e6 16. h5 g5 17. Bxg5 Nxc5 18. Qd4 fxg5 19. h6 Rf7 20. Rh5 Ne4 21. Nf3
g4 22. Rg5+ Nxg5 23. Nxg5 Qa4 24. Nxf7 Qc2+ 25. Ke1 Qc1+ 26. Ke2 1/2-1/2

[Event "78. Campeonato Brasileiro 2011 - Final"]
[Site "Campinas BRA"]
[Date "2011.12.18"]
[Round "9.3"]
[White "Reis, Paulo Jatoba"]
[Black "Barbosa, Evandro"]
[Result "1/2-1/2"]
[WhiteElo "2438"]
[BlackElo "2412"]
[PlyCount "95"]
[EventDate "2011.12.10"]
[EventType "tourn"]
[EventRounds "11"]
[EventCountry "BRA"]
[EventCategory "10"]
[Source "lmi"]
[SourceDate "2011.12.10"]

1. c4 c5 2. g3 Nc6 3. Bg2 g6 4. Nc3 Bg7 5. Nf3 e5 6. O-O d6 7. a3 Nge7 8. b4 e4
9. Ng5 h6 10. Ngxe4 f5 11. bxc5 fxe4 12. cxd6 Qxd6 13. Nxe4 Qe6 14. Rb1 O-O 15.
d3 b6 16. Bb2 Bd7 17. Bxg7 Kxg7 18. Rb5 Ne5 19. Rb2 Bc6 20. Qa1 Kh7 21. Rc1 Rf7
22. a4 Ng4 23. f3 Ne3 24. c5 N7d5 25. Qa2 Raf8 26. cxb6 Nxg2 27. Kxg2 axb6 28.
Kg1 Ba8 29. Qb3 Qe5 30. Rbc2 Ne3 31. Rc8 Bxe4 32. Rxf8 Rxf8 33. dxe4 Qd4 34.
Rc7+ Kh8 35. Qc3 Rd8 36. Rc8 Kh7 37. Rc7+ Kh8 38. Qxd4+ Rxd4 39. Rc6 Kg7 40.
Rxb6 Rxa4 41. Kf2 Nd1+ 42. Ke1 Ne3 43. Kf2 Nd1+ 44. Ke1 Ne3 45. Rc6 Ra1+ 46.
Kf2 Nd1+ 47. Ke1 Ne3+ 48. Kf2 1/2-1/2

[Event "78. Campeonato Brasileiro 2011 - Final"]
[Site "Campinas BRA"]
[Date "2011.12.18"]
[Round "9.4"]
[White "Mecking, Henrique"]
[Black "Matsuura, Everaldo"]
[Result "1/2-1/2"]
[WhiteElo "2590"]
[BlackElo "2487"]
[PlyCount "82"]
[EventDate "2011.12.10"]
[EventType "tourn"]
[EventRounds "11"]
[EventCountry "BRA"]
[EventCategory "10"]
[Source "lmi"]
[SourceDate "2011.12.10"]

1. d4 d5 2. c4 e6 3. Nc3 c6 4. e4 dxe4 5. Nxe4 Bb4+ 6. Nc3 Nf6 7. Nf3 c5 8. Be2
Nc6 9. Be3 Ne4 10. Rc1 cxd4 11. Nxd4 O-O 12. O-O Nxc3 13. bxc3 Be7 14. Nxc6
bxc6 15. Qxd8 Rxd8 16. Bf3 Ba6 17. Bxc6 Bxc4 18. Bxa8 Bxf1 19. Kxf1 Rxa8 20.
Rb1 a6 21. Rb7 Kf8 22. Rb6 Ke8 23. Ke2 Bd8 24. Rb7 Bf6 25. c4 Rc8 26. Rb6 Rxc4
27. Rxa6 Kd7 28. a4 Rc6 29. Ra8 Be7 30. a5 Bc5 31. a6 Bxe3 32. Kxe3 Ke7 33. a7
Ra6 34. Rg8 Rxa7 35. Rxg7 h5 36. h4 Ra4 37. g3 Ra3+ 38. Kf4 Ra2 39. Kf3 Ra3+
40. Kg2 Ra5 41. Rg8 Kf6 1/2-1/2

[Event "78. Campeonato Brasileiro 2011 - Final"]
[Site "Campinas BRA"]
[Date "2011.12.18"]
[Round "9.5"]
[White "Di Berardino, Diego"]
[Black "Dos Santos, Haroldo Cunha"]
[Result "1-0"]
[WhiteElo "2491"]
[BlackElo "2250"]
[PlyCount "73"]
[EventDate "2011.12.10"]
[EventType "tourn"]
[EventRounds "11"]
[EventCountry "BRA"]
[EventCategory "10"]
[Source "lmi"]
[SourceDate "2011.12.10"]

1. d4 d5 2. c4 c6 3. Nc3 Nf6 4. Nf3 Bf5 5. Qb3 Qb6 6. c5 Qc7 7. Bf4 Qc8 8. e3
Nbd7 9. h3 e6 10. Nh4 Bg6 11. Nxg6 hxg6 12. Be2 Be7 13. Qc2 Bd8 14. b4 Bc7 15.
Qd2 e5 16. dxe5 Bxe5 17. Bxe5 Nxe5 18. Qd4 Qe6 19. O-O O-O 20. f4 Ned7 21. Bd3
Qe7 22. Rae1 Rfd8 23. e4 dxe4 24. Bxe4 Nf8 25. Qc4 Qc7 26. Bc2 Re8 27. Bb3 Re7
28. Re5 Rae8 29. Rfe1 Ne6 30. Ne4 Nxe4 31. Qxe4 Kf8 32. Qc4 b5 33. cxb6 axb6
34. f5 gxf5 35. Rxf5 Nd8 36. Ref1 Qg3 37. Rxf7+ 1-0

[Event "78. Campeonato Brasileiro 2011 - Final"]
[Site "Campinas BRA"]
[Date "2011.12.19"]
[Round "10.2"]
[White "Dos Santos, Haroldo Cunha"]
[Black "El Debs, Felipe"]
[Result "0-1"]
[WhiteElo "2250"]
[BlackElo "2477"]
[PlyCount "82"]
[EventDate "2011.12.10"]
[EventType "tourn"]
[EventRounds "11"]
[EventCountry "BRA"]
[EventCategory "10"]
[Source "lmi"]
[SourceDate "2011.12.10"]

1. d4 d5 2. Nf3 Nf6 3. Bf4 c5 4. c3 e6 5. e3 Nc6 6. Nbd2 Bd6 7. Bb5 Bxf4 8.
exf4 Qb6 9. Qa4 O-O 10. O-O cxd4 11. cxd4 Bd7 12. Nb3 Rfc8 13. Rfc1 Ne4 14.
Bxc6 Bxc6 15. Qa5 Bb5 16. Qxb6 axb6 17. Nfd2 Bc4 18. f3 Nd6 19. a3 Rc6 20. Rc3
Kf8 21. Rac1 Ke7 22. Kf2 h6 23. g4 Kd7 24. Na1 g5 25. Ke3 f6 26. b3 Ba6 27.
Rxc6 bxc6 28. Nc2 c5 29. dxc5 bxc5 30. b4 cxb4 31. fxg5 hxg5 32. axb4 Rc8 33.
Nb1 Nc4+ 34. Kd4 Ne5 35. Nba3 Nxf3+ 36. Ke3 Rc3+ 37. Kf2 Nxh2 38. b5 Nxg4+ 39.
Ke2 Bb7 40. Rh1 Kd6 41. Kd2 Nf2 0-1